Manual finanzas internacionales / (Registro nro. 11931)

Detalles MARC
000 -LEADER
fixed length control field 01309nam a2200277Ia 4500
003 - CONTROL NUMBER IDENTIFIER
control field OSt
005 - DATE AND TIME OF LATEST TRANSACTION
control field 20210715145146.0
008 - FIXED-LENGTH DATA ELEMENTS--GENERAL INFORMATION
fixed length control field 210310s1998 ck ad gr 001 0 spa d
020 ## - INTERNATIONAL STANDARD BOOK NUMBER
International Standard Book Number 9586009122 (obra completa)
020 ## - INTERNATIONAL STANDARD BOOK NUMBER
International Standard Book Number 9586009130 (tomo I)
020 ## - INTERNATIONAL STANDARD BOOK NUMBER
International Standard Book Number 9586009149 (tomo II)
020 ## - INTERNATIONAL STANDARD BOOK NUMBER
International Standard Book Number 9586009157 (tomo III)
040 ## - CATALOGING SOURCE
Original cataloging agency CO-JMCR
Transcribing agency CO-JMCR
041 0# - LANGUAGE CODE
Language code of text/sound track or separate title spa
082 04 - DEWEY DECIMAL CLASSIFICATION NUMBER
Classification number 332.04 /
Item number L664m
Edition number 23
100 1# - MAIN ENTRY--PERSONAL NAME
Personal name Maurice D., Levi,
Relator term autor
9 (RLIN) 26837
245 10 - TITLE STATEMENT
Title Manual finanzas internacionales /
Statement of responsibility, etc. Maurice D. Levi
260 ## - PUBLICATION, DISTRIBUTION, ETC.
Place of publication, distribution, etc. Bogotá :
Name of publisher, distributor, etc. McGraw-Hill,
Date of publication, distribution, etc. 1999.
300 ## - PHYSICAL DESCRIPTION
Extent 3 volúmenes ;
Dimensions 23 cm.
505 ## - FORMATTED CONTENTS NOTE
Miscellaneous information V.1 /
Title Los mercados de cambio en el mundo de las finanzas internacionales. --
Miscellaneous information V.2 /
Title Paridad y riesgos cambiarios. --
Miscellaneous information V.3 /
Title Inversiones, financiación e instituciones.
520 ## - SUMMARY, ETC.
Summary, etc. A partir de la consolidación de la Unión Europea y de las tendencias de globalización económica, el mundo ha puesto en marcha los principios de liberalización en el movimiento de mercancías y capitales, elementos contemporáneos de las finanzas que, a la luz del concepto de riesgo, se discuten de manera acertada en esta publicación.
650 14 - SUBJECT ADDED ENTRY--TOPICAL TERM
Topical term or geographic name entry element Mercados de cambio
9 (RLIN) 38499
650 24 - SUBJECT ADDED ENTRY--TOPICAL TERM
Topical term or geographic name entry element Finanzas internacionales
9 (RLIN) 5881
650 24 - SUBJECT ADDED ENTRY--TOPICAL TERM
Topical term or geographic name entry element Riesgos cambiarios
9 (RLIN) 38500
942 ## - ADDED ENTRY ELEMENTS (KOHA)
Source of classification or shelving scheme Dewey Decimal Classification
Koha item type Books
Existencias
Withdrawn status Lost status Source of classification or shelving scheme Damaged status Not for loan Home library Current library Shelving location Date acquired Source of acquisition Full call number Barcode Date last seen Copy number Price effective from Koha item type Total Checkouts
    Dewey Decimal Classification     Biblioteca Pública José María del Castillo y Rada Biblioteca Pública José María del Castillo y Rada General Stacks 04/15/2018 Donación 332.04 / L664m 430003111 05/16/2024 v.1 / Ej.1 03/10/2021 Books  
    Dewey Decimal Classification     Biblioteca Pública José María del Castillo y Rada Biblioteca Pública José María del Castillo y Rada General Stacks 04/15/2018 Donación 332.04 / L664m 430003110 05/16/2024 v.2 / Ej.1 03/10/2021 Books  
    Dewey Decimal Classification     Biblioteca Pública José María del Castillo y Rada Biblioteca Pública José María del Castillo y Rada General Stacks 04/15/2018 Donación 332.04 / L664m 430003112 05/16/2024 v.3 / Ej.1 03/10/2021 Books